| 000 | 00881nam a22002777a 4500 | ||
|---|---|---|---|
| 005 | 20251108170817.0 | ||
| 008 | 250721s2000 xx 000 0 ara d | ||
| 082 | 1 | 4 | _a636/بقا |
| 100 | 1 |
_aبقاعي، إيمان _eمؤلف |
|
| 245 | 1 | 0 | _aموسوعة تربية الحيوانات الاليفة / |
| 264 | 1 |
_aبيروت : _bدار الفكر اللبناني، _c2000. |
|
| 300 | _a276ص | ||
| 650 | 1 | 7 | _aالحيوانات |
| 650 | 1 | 7 | _aتربية الحيوان |
| 650 | 1 | 7 | _aالحيوانات المدللة |
| 650 | 1 | 7 | _aالطيور |
| 650 | 1 | 7 | _aالطيور المدجنة |
| 650 | 1 | 7 | _aالأسماك |
| 650 | 1 | 7 | _aالكلاب |
| 650 | 1 | 7 | _aالقطط رعاية الحيوانات |
| 650 | 1 | 7 | _aحيوانات الحليب |
| 650 | 1 | 7 | _aحماية الحيوانات |
| 650 | 1 | 7 | _aأسماك الزينة |
| 942 |
_2ddc _cBK |
||
| 999 |
_c49543 _d49543 |
||